Qui est ce méchant Disney/Pixar - Statistiques

Statistiques générales
  • Ce quiz a été pris 150 fois
  • Le résultat moyen est 11 sur 17
Statistiques - réponses
Par images Réponse % Correct
scar
97%
jafar
95%
cruella
92%
malefique
92%
ursula
84%
hades
83%
la reine de coeur
83%
gaston
78%
mere gothel
76%
hans
73%
shere khan
55%
docteur facilier
52%
yzma
48%
lotso
42%
lady tremaine
38%
clayton
30%
reine sorciere
24%
Aucun quiz correspondant
Distribution des résultats
% des personnes avec chaque résultat
Percentile par nombre de réponses
Votre historique - résultats
Vous n’avez pas pris ce quiz